El sentimiento religioso en la literatura griega, desde Homero a Esquilo (Record no. 72388)

MARC details
000 -LEADER
campo de control de longitud fija 00918nam a2200229 i 4500
001 - NÚMERO DE CONTROL
campo de control 72388
003 - IDENTIFICADOR DE NÚMERO DE CONTROL
campo de control ES-MaACL
005 - FECHA Y HORA DE LA ÚLTIMA TRANSACCIÓN
campo de control 20250815062637.0
007 - CAMPO FIJO DE DESCRIPCIÓN FÍSICA--INFORMACIÓN GENERAL
campo de control de longitud fija t|
008 - DATOS DE LONGITUD FIJA--INFORMACIÓN GENERAL
campo de control de longitud fija 040831s1913 sp ||||1| spa d
100 1# - ENTRADA PRINCIPAL--NOMBRE DE PERSONA
Nombre de persona Girard, Jules.
9 (RLIN) 57219
245 13 - MENCIÓN DEL TÍTULO
Título El sentimiento religioso en la literatura griega, desde Homero a Esquilo
Resto del título : estudiado en su desenvolvimiento moral y en su carater dramático /
Mención de responsabilidad, etc. por Julio Girard ; traducción de Juan Moreno Barutell.
260 ## - PUBLICACIÓN, DISTRIBUCIÓN, ETC.
Lugar de publicación, distribución, etc. Madrid :
Nombre del editor, distribuidor, etc. La España Moderna,
Fecha de publicación, distribución, etc. [1913] (
Fabricante Luis Faure)
300 ## - DESCRIPCIÓN FÍSICA
Extensión 483 p. ;
Dimensiones 20 cm.
490 1# - MENCIÓN DE SERIE
Mención de serie Biblioteca de jurisprudencia, filosofía e historia
650 04 - PUNTO DE ACCESO ADICIONAL DE MATERIA--TÉRMINO DE MATERIA
Término de materia o nombre geográfico como elemento de entrada Literatura griega-
Subdivisión general Historia y crítica.
9 (RLIN) 14599
650 #7 - PUNTO DE ACCESO ADICIONAL DE MATERIA--TÉRMINO DE MATERIA
Término de materia o nombre geográfico como elemento de entrada Religión y literatura
Fuente del encabezamiento o término embne
9 (RLIN) 169516
700 1# - ENTRADA AGREGADA--NOMBRE PERSONAL
Nombre de persona Moreno Barutell, J.
9 (RLIN) 83330
830 10 - PUNTO DE ACCESO ADICIONAL DE SERIE-TÍTULO UNIFORME
Título uniforme Biblioteca de jurisprudencia, filosofía e historia
9 (RLIN) 180691
852 ## - LOCALIZACIÓN
Ubicación ES-MaACL
Número de control de estantería F-14963
Holdings
Estatus retirado Estado de pérdida Estado de daño No para préstamo Biblioteca de origen Biblioteca actual Ubicación en estantería Fecha de adquisición Fuente de adquisición Total de préstamos Signatura topográfica completa Código de barras Visto por última vez Precio de reemplazo Tipo de ítem Koha
        Biblioteca del Ateneo de Madrid Biblioteca del Ateneo de Madrid Sala Pecera Planta 2 17/01/2008     F-14963 1075785 23/02/2023 23/02/2023 Libro impreso